| 000 | 00384nam a2200157 i 4500 | ||
|---|---|---|---|
| 001 | 44702 | ||
| 003 | ES-MaACL | ||
| 005 | 20230906161059.0 | ||
| 007 | t| | ||
| 008 | 030324s1968 sp ||||1| spa d | ||
| 245 | 0 | 0 | _aCine español. |
| 260 |
_aMadrid : _bUniespaña, _c1968. |
||
| 300 |
_a275 p. : _bil. ; _c22 cm. |
||
| 650 |
_aCine- _zEspaña. _911025 |
||
| 852 |
_aES-MaACL _jC-34617 |
||
| 999 |
_c44702 _d44702 |
||